000 00721nam a2200205Ia 4500
999 _c39529
_d39529
001 6125
003 GE_BSU
005 20190923172517.0
008 181216s1958||||ge |||||||||||||| ||geo||
040 _cGE_BSU
041 _ageo
080 _a821.353.1-1 ა-96
245 _aახალგაზრდობას :
_bლექსები /
_cრედ. ოთარ ქინქლაძე.
264 _aთბილისი ;
_bსაბლიტგამი ;
_c1958.
300 _a176 გვ. ;
_c20 სმ.
653 _aახალგაზრდობას
653 _aლექსები
700 _aქინქლაძე, ოთარ
_eრედაქტორი
_94250
942 _cBK
_2udc